| 000 | 00371nam a2200133Ia 4500 | ||
|---|---|---|---|
| 005 | 20251222143112.0 | ||
| 008 | 251222s9999||||xx |||||||||||||| ||spa|| | ||
| 020 | _a84-96502-00-7 | ||
| 082 | _a838.9/S96 | ||
| 100 | _aSantana Quintana, María Cristina | ||
| 245 | 0 | _aEl Perfume de Patrick Sáskind: | |
| 264 | _bUniversidad de las Palmas de Gran Canaria | ||
| 942 | _cLIB | ||
| 999 |
_c11208 _d11208 |
||